| 000 | 00669nas a2200229 4500 | ||
|---|---|---|---|
| 001 | BR7908432 | ||
| 003 | BR-BrBNA | ||
| 005 | 20231205084026.0 | ||
| 007 | ta | ||
| 008 | 230509b bl.|||p| |||| 00| 00por d | ||
| 040 |
_aBR-BrBNA _bpor _cBiblioteca Nacional de Agricultura |
||
| 041 | _a(Pt) | ||
| 072 | _aL73 | ||
| 100 | 1 | _aSandoval, L.A. | |
| 245 | 1 | _aO que os criadores de bovinos e suinos devem saber sobre a brucelose [Brasil] | |
| 650 | _aSUÍNO | ||
| 650 | _aBOVINO | ||
| 650 | _aBRUCELOSE | ||
| 773 | 0 |
_tAgropecuaria (Brazil) _xISSN 0365-2661 _g(Sep 1979), v. 1(6) p. 47-52 _wBR7908432 |
|
| 909 |
_a202311 _bLúcia _c55 _dLúcia Elande |
||
| 942 |
_2AGRIS _n0 _cANA |
||
| 999 |
_c102671 _d102671 |
||